| 000 | 00904nam a2200205Ia 4500 | ||
|---|---|---|---|
| 003 | Ost | ||
| 005 | 20260507075052.0 | ||
| 008 | 260507s9999||||xx |||||||||||||| ||und|| | ||
| 040 | _cfsecg | ||
| 041 | _aara | ||
| 082 | _a350 | ||
| 100 |
_aالصحن، محمد فريد _eمؤلف |
||
| 245 | 0 |
_aمبادئ الإدارة / _c محمد فريد الصحن |
|
| 260 |
_aالإسكندرية: _bالدار الجامعية, _c2002 |
||
| 300 |
_a397 صفحة؛ _bإيضاحات ؛ _c24 سم |
||
| 520 | _aماهية علم الإدارة، الوظائف الإدارية، تطور الفكر الاداري، مسؤوليات المدير في المنظمة، وظيفة التخطيط واتخاذ القراراتّ، وظيفة التنظيم والهيكل التنظيمي، الرقابة | ||
| 653 | _aإدارة الأعمال | ||
| 653 | _aالإدارة العامة | ||
| 942 | _cكتاب | ||
| 999 |
_c42674 _d42674 |
||